Metafora jako narzędzie narracji w rozprawach i artykułach polskich lekarzy w XIX wieku
| Titel: | Metafora jako narzędzie narracji w rozprawach i artykułach polskich lekarzy w XIX wieku / Anita Magowska |
|---|---|
| Verfasser: | |
| In: |
Medizin und Sprache - die Sprache der Medizin, (2016), Seite 83-96 alle Artikel anzeigen |
| Veröffentlicht: | 2016 |
| Umfang: | 4 Tabellen |
| Format: | Aufsatz |
| Sprache: | Polnisch |
X
alg: 42643915 001A $03025:15-02-18 001B $01999:15-02-18 $t22:59:20.000 001C $03025:15-02-18 $t12:03:42.000 001D $03025:15-02-18 001U $0utf8 001X $00 002@ $0Aou 002C $aText $btxt $2rdacontent 002D $aohne Hilfsmittel zu benutzen $bn $2rdamedia 002E $aBand $bnc $2rdacarrier 003@ $0426439155 007A $0426439155 $aHEB 010@ $apol 010E $erda 011@ $a2016 021A $aMetafora jako narzędzie narracji w rozprawach i artykułach polskich lekarzy w XIX wieku $hAnita Magowska 028A $BVerfasser $4aut $71140052160 $8Magowska, Anita [Tp3] $941675516X 031A $h83-96 $j2016 034M $a4 Tabellen 037A $aDeutsche Zusammenfassung, Seite 83-84: Metapher als Erzählwerkzeug in den Abhandlungen und Artikeln polnischer Ärzte im 19. Jahrhundert 039B $aEnthalten in $8--Aau--. Medizin und Sprache - die Sprache der Medizin. - Frankfurt am Main : PL Academic Research, [2016]. - 235 Seiten. - Illustrationen. - ISBN 978-3-631-65596-2 $x201600000000000917 $936893991X 044K $RKongresspolen $RWestgalizien $#Generalgouvernement Polen $#Polska $#Rzeczpospolita Polska $#Polska Rzeczpospolita Ludowa $#Poland $#Pologne $#République Polonaise $#Generalne Gubernatorstwo w Polsce $#Polish People's Republic $#Polska Rzeczpospolita Polen $#PRL $#RP $#Polen Generalgouvernement $#Polska Generalgouvernement $#Besetzte Polnische Gebiete $#Besetztes Gebiet in Polen $#Okupowane Polskie Obszary $#Obszary Okupowane w Polsce $#Volksrepublik Polen $#Polska Rosyjska $#Republic Polen $#Respublika Pol'ša $#Pol'skaja Narodnaja Respublika $#République de Pologne $#Polen Links der Weichsel $#Polska po Lewej Stronie Wisły $#Lenkija $#Polija $#Gubernija Carstva Pol'skago $#Republik Polen $74046496-9 $8Polen [Tg1] $9085129801 044K $RHeilberuf $RTherapeut $RÄrztin $RHeiler $#Physicians $#Médecins $#Medici $#Médicos $#physicians $#Physicians $#Ärzte $#Arzt $#Mediziner $#Ärzte $74003157-3 $8Arzt [Ts1] $9085000019 044K $RBildersprache $RTropus $RCamouflage $#Metaphor $#Métaphore $#Metafore $#Metáfora $#Metapher $#Metapher $#Metaphorik $#Metaphern $74038935-2 $8Metapher [Ts1] $9085106291 044K $RLiteratur $RText $RWissenschaftliche Literatur $RFachbuch $RNichtfiktionale Prosa $RFachsprache $RTraktat $#Textbooks $#Manuels d'enseignement $#Fachliteratur $#Artesliteratur $#Fachprosa $#Sachprosa $#Sachliteratur $74153493-1 $8Fachliteratur [Ts1] $9085644498 045R $aGeschichte 1800-1850 lok: 42643915 78 exp: 42643915 78 1 #EPN 201B/01 $015-02-18 $t12:02:16.000 201C/01 $015-02-18 201U/01 $0utf8 203@/01 $01018033602 208@/01 $a15-02-18 $be 209A/01 $a/ $f000 $x00 209A/01 $ab*p $x01 220C/01 $apgar 244Z/01 $#Generalgouvernement Polen $#Polska $#Rzeczpospolita Polska $#Polska Rzeczpospolita Ludowa $#Poland $#Pologne $#République Polonaise $#Generalne Gubernatorstwo w Polsce $#Polish People's Republic $#Polska Rzeczpospolita Polen $#PRL $#RP $#Polen Generalgouvernement $#Polska Generalgouvernement $#Besetzte Polnische Gebiete $#Besetztes Gebiet in Polen $#Okupowane Polskie Obszary $#Obszary Okupowane w Polsce $#Volksrepublik Polen $#Polska Rosyjska $#Republic Polen $#Respublika Pol'ša $#Pol'skaja Narodnaja Respublika $#République de Pologne $#Polen Links der Weichsel $#Polska po Lewej Stronie Wisły $#Lenkija $#Polija $#Gubernija Carstva Pol'skago $#Republik Polen $74046496-9 $8--Tg1--Polen $x01 $9085129801 247C/01 $82080>Marburg/Lahn, Herder-Institut, Forschungsbibliothek, Bibliographieportal $9336309341
| LEADER | 00000caa a2200000 c 4500 | ||
|---|---|---|---|
| 001 | 426439155 | ||
| 003 | DE-603 | ||
| 005 | 20180215225920.0 | ||
| 007 | tu | ||
| 008 | 180215s2016 xx |||| | u00||u|pol c | ||
| 035 | |a (DE-599)HEB426439155 | ||
| 040 | |a DE-603 |b ger |c DE-603 |d DE-603 |e rda | ||
| 041 | |a pol | ||
| 100 | 1 | |a Magowska, Anita |e Verfasser |4 aut |0 (DE-603)41675516X |0 (DE-588)1140052160 |2 gnd | |
| 245 | 0 | 0 | |a Metafora jako narzędzie narracji w rozprawach i artykułach polskich lekarzy w XIX wieku |c Anita Magowska |
| 264 | 0 | |c 2016 | |
| 300 | |b 4 Tabellen | ||
| 336 | |a Text |b txt |2 rdacontent | ||
| 337 | |a ohne Hilfsmittel zu benutzen |b n |2 rdamedia | ||
| 338 | |a Band |b nc |2 rdacarrier | ||
| 500 | |a Deutsche Zusammenfassung, Seite 83-84: Metapher als Erzählwerkzeug in den Abhandlungen und Artikeln polnischer Ärzte im 19. Jahrhundert | ||
| 648 | 7 | |a Geschichte 1800-1850 |2 gnd | |
| 650 | 7 | |a Arzt |0 (DE-588)4003157-3 |0 (DE-603)085000019 |2 gnd | |
| 650 | 7 | |a Metapher |0 (DE-588)4038935-2 |0 (DE-603)085106291 |2 gnd | |
| 650 | 7 | |a Fachliteratur |0 (DE-588)4153493-1 |0 (DE-603)085644498 |2 gnd | |
| 651 | 7 | |a Polen |0 (DE-588)4046496-9 |0 (DE-603)085129801 |2 gnd | |
| 773 | 0 | 8 | |i Enthalten in |t Medizin und Sprache - die Sprache der Medizin |d Frankfurt am Main : PL Academic Research, [2016] |h 235 Seiten, Illustrationen |z 9783631655962 |g (2016), Seite 83-96 |w (DE-603)36893991X |
| 924 | 0 | |9 2080 |a (DE-603)1018033602 |b DE-2080 |c HES |d d |g / | |


